000 00613nam a2200181Ia 4500
005 20250508163407.0
008 008 250505s9999 xx 000 0 eng d
037 _aBooks to be hide in OPAC
040 _aFEDL
_beng
_cFEDL
041 _aeng
_2eng
084 _a370.954, IND/O
_qFEDL
245 0 _aInnovations in education in India: Report of the national seminar 19-21 April 1976
245 0 _cNCERT (New Delhi India)
260 _aNew Delhi, India
_bNational Council of Educational Research and Training
_c1977
300 _a42p
942 _cHB
_h370.954, IND/O
999 _c1382795
_d1382795